Statystyki dla Wszyscy mistrzowie świata w Formule 1

Kliknij tutaj aby rozwiązać quiz!

Ogólne statystyki

  • Ten quiz został rozwiązany 33 razy
  • Średni wynik to 45 z 74

Statystyki odpowiedzi

SezonZespółNarodowośćKierowca% Poprawnych
2023Red BullHolandiaMax Verstappen
100%
2020MercedesWielka BrytaniaLewis Hamilton
96%
2019MercedesWielka BrytaniaLewis Hamilton
96%
2018MercedesWielka BrytaniaLewis Hamilton
96%
2017MercedesWielka BrytaniaLewis Hamilton
96%
2015MercedesWielka BrytaniaLewis Hamilton
96%
2014MercedesWielka BrytaniaLewis Hamilton
96%
2021Red BullHolandiaMax Verstappen
96%
2022Red BullHolandiaMax Verstappen
96%
2000FerrariNiemcyMichael Schumacher
96%
2001FerrariNiemcyMichael Schumacher
96%
2002FerrariNiemcyMichael Schumacher
96%
2003FerrariNiemcyMichael Schumacher
96%
2004FerrariNiemcyMichael Schumacher
96%
2006RenaultHiszpaniaFernando Alonso
85%
2005RenaultHiszpaniaFernando Alonso
85%
2008McLarenWielka BrytaniaLewis Hamilton
85%
2010Red BullNiemcySebastian Vettel
85%
2011Red BullNiemcySebastian Vettel
85%
2012Red BullNiemcySebastian Vettel
85%
2013Red BullNiemcySebastian Vettel
85%
1991McLarenBrazyliaAyrton Senna
81%
1988McLarenBrazyliaAyrton Senna
81%
1990McLarenBrazyliaAyrton Senna
81%
2007FerrariFinlandiaKimi Räikkönen
77%
2009Brawn GPWielka BrytaniaJenson Button
73%
1995BenettonNiemcyMichael Schumacher
73%
1994BenettonNiemcyMichael Schumacher
73%
1989McLarenFrancjaAlain Prost
69%
1977FerrariAustriaNiki Lauda
69%
1985McLarenFrancjaAlain Prost
65%
1986McLarenFrancjaAlain Prost
65%
1993WilliamsFrancjaAlain Prost
65%
1999McLarenFinlandiaMika Häkkinen
65%
1998McLarenFinlandiaMika Häkkinen
65%
2016MercedesNiemcyNico Rosberg
65%
1975FerrariAustriaNiki Lauda
65%
1996WilliamsWielka BrytaniaDamon Hill
62%
1957MaseratiArgentynaJuan Manuel Fangio
62%
1954Maserati/MercedesArgentynaJuan Manuel Fangio
62%
1956FerrariArgentynaJuan Manuel Fangio
62%
1955MercedesArgentynaJuan Manuel Fangio
62%
1984McLarenAustriaNiki Lauda
62%
1997WilliamsKanadaJacques Villenueve
58%
1951Alfa RomeoArgentynaJuan Manuel Fangio
58%
1953FerrariWłochyAlberto Ascari
50%
1952FerrariWłochyAlberto Ascari
46%
1950Alfa RomeoWłochyGiuseppe Farina
46%
1982WilliamsFinlandiaKeke Rosberg
46%
1983BrabhamBrazyliaNelson Piquet
46%
1987WilliamsBrazyliaNelson Piquet
46%
1981BrabhamBrazyliaNelson Piquet
42%
1992WilliamsWielka BrytaniaNigel Mansell
42%
1972LotusBrazyliaEmerson Fittipaldi
38%
1962BRMWielka BrytaniaGraham Hill
38%
1971TyrrellWielka BrytaniaJackie Stewart
38%
1973TyrrellWielka BrytaniaJackie Stewart
38%
1976McLarenWielka BrytaniaJames Hunt
38%
1979FerrariZwiązek Południowej AfrykiJody Scheckter
38%
1978LotusUSAMario Andretti
35%
1974McLarenBrazyliaEmerson Fittipaldi
31%
1968LotusWielka BrytaniaGraham Hill
31%
1961FerrariUSAPhil Hill
31%
1980WilliamsAustraliaAlan Jones
27%
1960CooperAustraliaJack Brabham
27%
1966BrabhamAustraliaJack Brabham
27%
1959CooperAustraliaJack Brabham
27%
1969MatraWielka BrytaniaJackie Stewart
27%
1963LotusWielka BrytaniaJim Clark
27%
1965LotusWielka BrytaniaJim Clark
27%
1970LotusAustriaJochen Rindt
27%
1967BrabhamNowa ZelandiaDenny Hulme
15%
1964FerrariWielka BrytaniaJohn Surtees
15%
1958FerrariWielka BrytaniaMike Hawthorn
15%

Rozkład punktacji

Percentyl według liczby udzielonych odpowiedzi

Procent ludzi z każdym wynikiem

Twoja historia wyników

Nie rozwiązałeś tego quizu